00429nam a2200157Ia 450000500170000000800410001708200140005824500530007226000270012530000180015265000100017065000080018065000140018870000270020270000420022920240605045555.0240331s9999 xx 000 0 und d bLEGa346. 0aLegal literacy :ba tool for women's empowerment aNew YorkbUNIFEMc1992 axiv, 346 p ., aWomen aLaw aPolitical aSehuler, Margareteedt aRajasingham, Kadirgama Sakuntalaeedt